Central Library OPAC University of Rajshahi

Belief, truth and knowledge, (Record no. 1309)

MARC details
000 -LEADER
fixed length control field 00823cam a2200289 4500
001 - CONTROL NUMBER
control field 1309
003 - CONTROL NUMBER IDENTIFIER
rucl marc code BD-RjUL
005 - DATE AND TIME OF LATEST TRANSACTION
control field 20211208233319.0
008 - FIXED-LENGTH DATA ELEMENTS--GENERAL INFORMATION
fixed length control field 131125s1973 enk b 001 0 eng
020 ## - INTERNATIONAL STANDARD BOOK NUMBER
International Standard Book Number 0521087066
International Standard Book Number 0521097371 (pbk.)
035 ## - SYSTEM CONTROL NUMBER
System control number (BD-RjUL)1331
040 ## - CATALOGING SOURCE
Original cataloging agency DLC
Transcribing agency DLC
Modifying agency DLC
-- BD-RjUL
Language of cataloging eng
041 ## - LANGUAGE CODE
Language code of text/sound track or separate title eng
082 00 - DEWEY DECIMAL CLASSIFICATION NUMBER
Classification number 121
Author mark and year ARB 1973
100 1# - MAIN ENTRY--PERSONAL NAME
Personal name Armstrong, D. M.
Fuller form of name (David Malet),
Dates associated with a name 1926-
9 (RLIN) 3161
245 10 - TITLE STATEMENT
Title Belief, truth and knowledge,
Statement of responsibility, etc. [by] D. M. Armstrong.
260 ## - PUBLICATION, DISTRIBUTION, ETC. (IMPRINT)
Place of publication, distribution, etc. London :
Name of publisher, distributor, etc. Cambridge University Press,
Date of publication, distribution, etc. 1973.
300 ## - PHYSICAL DESCRIPTION
Pagination ix, 228 p. ,
Size 23 cm.
504 ## - BIBLIOGRAPHY, ETC. NOTE
Bibliography, etc Bibliography: p. 222-223.
650 #0 - SUBJECT ADDED ENTRY--TOPICAL TERM
Topical term or geographic name as entry element Knowledge, Theory of.
9 (RLIN) 3877
Topical term or geographic name as entry element Belief and doubt.
9 (RLIN) 3878
Topical term or geographic name as entry element Truth.
9 (RLIN) 362
942 ## - ADDED ENTRY ELEMENTS (KOHA)
Source of classification or shelving scheme Dewey Decimal Classification
Koha item type Books
Holdings
Lost status Source of classification or shelving scheme Damaged status Not for loan Collection code Permanent Location Current Location Shelving location Date acquired Source of acquisition Cost, normal purchase price Total Checkouts Full call number Date last seen Copy number Koha item type
  Dewey Decimal Classification   Not For Loan Non-fiction Central Library, University of Rajshahi Central Library, University of Rajshahi Reading Room 07/06/1975 Not Found. 0.00   121 ARB 1973 25/11/2013 C-1 Books
  Dewey Decimal Classification     Non-fiction Central Library, University of Rajshahi Central Library, University of Rajshahi   07/06/1975 Not Found. 0.00   121 ARB 1973 25/11/2013 C-2 Books
  Dewey Decimal Classification     Non-fiction Central Library, University of Rajshahi Central Library, University of Rajshahi   07/06/1975 Gonathan & Co. 1.90   121 ARB 1973 30/03/2014 C-3 Books